Logo

Description automatically generated
विद्यार्जन
 संसाधन केंद्र, भारतीय प्रौद्योगिकी संस्थान इन्दौर
Learning Resource Center, Indian Institute of Technology Indore

ऑनलाइन सार्वजनिक अभिगम प्रसूची
Online Public Access Catalogue (OPAC)

Pather panchali : song of the road (Record no. 57271)

MARC details
000 -LEADER
fixed length control field 00637nam a2200205Ia 4500
005 - DATE AND TIME OF LATEST TRANSACTION
control field 20260629163253.0
008 - FIXED-LENGTH DATA ELEMENTS--GENERAL INFORMATION
fixed length control field 260629s9999||||xx |||||||||||||| ||und||
020 ## - INTERNATIONAL STANDARD BOOK NUMBER
International Standard Book Number 9788172233334
Qualifying information pbk
082 ## - DEWEY DECIMAL CLASSIFICATION NUMBER
Classification number 891.4435
Item number BAN
100 ## - MAIN ENTRY--PERSONAL NAME
Personal name Bandopadhyay, Bibhutibhushan
245 #0 - TITLE STATEMENT
Title Pather panchali : song of the road
250 ## - EDITION STATEMENT
Edition statement 1st pub. 1968 ; 11th imp. 2013
260 ## - PUBLICATION, DISTRIBUTION, ETC.
Place of publication, distribution, etc. Noida
Name of publisher, distributor, etc. HarperCollins Publishers
Date of publication, distribution, etc. 1968
300 ## - PHYSICAL DESCRIPTION
Extent xx, 360p. ; 21cm.
653 ## - INDEX TERM--UNCONTROLLED
Uncontrolled term Bengali fiction (20th century)
653 ## - INDEX TERM--UNCONTROLLED
Uncontrolled term India—Social life and customs—Fiction
700 ## - ADDED ENTRY--PERSONAL NAME
Personal name Clark, T.W. [tr.]
700 ## - ADDED ENTRY--PERSONAL NAME
Personal name Mukherji, Tarapada [tr.]
942 ## - ADDED ENTRY ELEMENTS (KOHA)
Koha item type Book
Holdings
Withdrawn status Lost status Damaged status Not for loan Home library Current library Shelving location Date acquired Source of acquisition Total Checkouts Full call number Barcode Date last seen Price effective from Koha item type
        LRC, IIT Indore LRC, IIT Indore 2nd Floor - General Stack 29/06/2026 Gratis Book Price: INR 399.00   891.4435 BAN G2496 29/06/2026 29/06/2026 Book
Copyright © 2017-2026 Indian Institute of Technology Indore. All Rights Reserved.
Managed & maintained by Learning Resource Center, IIT Indore